| 000 | 03953cam0 2200817 ib4500 | ||
|---|---|---|---|
| 001 | BY-BR0006-br122984 | ||
| 005 | 20260316143552.0 | ||
| 010 | ^a978-985-01-1856-1 | ||
| 035 | ^a(BY-MI0013)BY-BR0006-br122984 | ||
| 035 | ^a(BY-MI0003)BY-BR0006-br122984 | ||
| 035 | ^a(BY-MI0000)BY-BR0006-br122984 | ||
| 035 | ^a(BY-MI0006)BY-BR0006-br122984 | ||
| 100 | ^a20250929d2025 e y0bely50 ca | ||
| 101 | 0 | ^abel | |
| 102 | ^aBY | ||
| 105 | ^aa z 000oy | ||
| 109 | ^ama | ||
| 200 | 1 |
^aАзярніца Чорнага возера ^eлегенды пра Беларусь ^eдля старэйшага школьнага ўзросту ^fТамара Кавальчук ^gмастак Л. Каўхута |
|
| 210 |
^aМінск ^cБеларусь ^d2025 |
||
| 215 |
^a53, [2] с. ^cкаляр. іл. ^d24 см |
||
| 333 | ^a12+ | ||
| 345 | ^93000 экз. | ||
| 464 | 0 |
^12001 ^aСеніца |
|
| 464 | 0 |
^12001 ^aІгумен — дзявочая гара |
|
| 464 | 0 |
^12001 ^aКлопаты маці-Прыпяці |
|
| 464 | 0 |
^12001 ^aЛоева гара |
|
| 464 | 0 |
^12001 ^aЛегенда аб Мазыры |
|
| 464 | 0 |
^12001 ^aКанатоп |
|
| 464 | 0 |
^12001 ^aСэрца старой |
|
| 464 | 0 |
^12001 ^aЛегенда пра Асіповічы |
|
| 464 | 0 |
^12001 ^aГлебава наложніца |
|
| 464 | 0 |
^12001 ^aТры волаты (легенда аб яўрэйскіх могілках у Свіслачы) |
|
| 606 |
^aПРОЗА ^3BY-NLB-ar64029 ^2DVNLB |
||
| 606 |
^aЛЕГЕНДЫ (літ.) ^3BY-NLB-ar2650803 ^2DVNLB |
||
| 606 |
^aЛЕГЕНДЫ (лит.) ^3BY-NLB-ar2650802 ^2DVNLB |
||
| 606 |
^aБЕЛАРУСКАЯ ЛІТАРАТУРА ^3BY-NLB-ar3724 ^2DVNLB |
||
| 606 |
^aБЕЛОРУССКАЯ ЛИТЕРАТУРА ^3BY-NLB-ar3723 ^2DVNLB |
||
| 606 |
^aДЗІЦЯЧАЯ І ЮНАЦКАЯ ЛІТАРАТУРА ^3BY-NLB-ar2691729 ^2DVNLB |
||
| 606 |
^aДЕТСКАЯ И ЮНОШЕСКАЯ ЛИТЕРАТУРА ^3BY-NLB-ar2691728 ^2DVNLB |
||
| 608 |
^aДЗІЦЯЧАЯ І ЮНАЦКАЯ ЛІТАРАТУРА (мастацкі твор) ^2BYGNR ^3BY-NLB-ar9020 |
||
| 608 |
^aДЕТСКАЯ И ЮНОШЕСКАЯ ЛИТЕРАТУРА (художеств. произведение) ^3BY-NLB-ar9019 ^2BYGNR |
||
| 608 |
^aЛЕГЕНДА (літ.) ^3BY-NLB-ar15824 ^2BYGNR |
||
| 608 |
^aЛЕГЕНДА (лит.) ^3BY-NLB-ar15823 ^2BYGNR |
||
| 608 |
^aПРОЗА (літ. твор) ^3BY-NLB-ar2648149 ^2BYGNR |
||
| 608 |
^aПРОЗА (лит. произведение) ^3BY-NLB-ar2648148 ^2BYGNR |
||
| 615 |
^aБелорусский национальный документ ^3BY-SEK-ar1826174 |
||
| 686 |
^a82.3(4Беи) ^2rubbk |
||
| 690 |
^a1 ^2Base ^9BY-MI0013 ^xRSEK |
||
| 700 | 1 |
^aКавальчук ^bТ. В. ^gТамара Васільеўна ^cпісьменніца ^fнар. 1963 ^3BY-SEK-ar12665155 |
|
| 702 | 1 |
^aКаўхута ^bЛ. ^gЛіліяна ^cмастачка ^cдызайнер ^3BY-SEK-ar15079115 ^4440 |
|
| 801 | 0 |
^aBY ^bBY-BR0006 ^c20250929 ^gRCR |
|
| 801 | 2 |
^aBY ^bBY-HR0016 ^c20250930 ^gRCR |
|
| 801 | 2 |
^aBY ^bBY-HR0000 ^c20251003 ^gRCR |
|
| 801 | 2 |
^aBY ^bBY-MI0006 ^c20251027 ^gRCR |
|
| 801 | 2 |
^aBY ^bBY-MI0000 ^c20251104 ^gRCR |
|
| 801 | 2 |
^aBY ^bBY-MI0003 ^c20260217 ^gRCR |
|
| 801 | 2 |
^aBY ^bBY-MI0013 ^c20260316 ^gRCR |
|
| 899 | 0 |
^aBY-MI0013 ^iК12 ^h82.3(4Беи) |
|